Statistics for Top 5 Boston Celtics Players Per Position

Click here to take the quiz!

General Stats

  • This quiz has been taken 42 times
  • The average score is 17 of 25

Answer Stats

Position # Player WS % Correct
SF1Larry Bird145.8
100%
C1Bill Russell163.5
100%
SF2Paul Pierce138.4
97%
PF3Kevin Garnett48.8
97%
PF1Kevin McHale113.0
97%
PG3Rajon Rondo45.9
94%
PG1Bob Cousy91.0
92%
PG4K.C. Jones38.6
92%
SG1Sam Jones92.3
92%
SG4Ray Allen43.4
92%
C2Robert Parish122.4
86%
SF3John Havlicek131.7
86%
PG5Dennis Johnson35.2
78%
C3Dave Cowens83.7
75%
PG2Jo Jo White51.0
64%
SG5Danny Ainge39.9
64%
PF2Tom Heinsohn60.0
61%
SF5Cedric Maxwell65.7
50%
SG2Bill Sharman80.9
42%
C4Ed Macauley75.5
36%
SF4Don Nelson69.7
25%
SG3Frank Ramsey49.2
25%
PF5Paul Silas33.5
19%
C5Tony Battie22.2
19%
PF4Bailey Howell36.4
14%

Score Distribution

Percentile by Number Answered

Percent of People with Each Score

Your Score History

You have not taken this quiz